[Event "Troy (TCC Res/3/4)"]
[Site "?"]
[Date "1995.??.??"]
[Round "?"]
[White "Foord, Allan"]
[Black "Thornton, Rome"]
[Result "0-1"]
[WhiteElo "1605"]
[BlackElo "1605"]
[PlyCount "76"]
[EventDate "1995.??.??"]

{3/(4)} 1. e4 c6 2. d4 d5 3. exd5 cxd5 4. Bd3 Nf6 5. Bf4 Bg4 6. Nf3 e6 7. Nbd2
Nc6 8. c3 Bd6 9. Bxd6 Qxd6 10. Qb3 O-O 11. h3 Bh5 12. g4 Bg6 13. Qc2 Rac8 14.
Bxg6 fxg6 15. g5 Nh5 16. a3 Nf4 17. O-O-O Ne2+ 18. Kb1 Ncxd4 19. Nxd4 Nxd4 20.
Qa4 Nc6 21. Rhe1 a6 22. Qg4 Rce8 23. Re2 Rf4 24. Qg3 Ref8 25. Kc1 e5 26. f3 b5
27. Re3 Qe6 28. Rde1 a5 29. R1e2 b4 30. axb4 axb4 31. cxb4 Rxb4 32. Rc3 d4 33.
Ra3 Qd5 34. Kb1 Qb5 35. Qh2 Rxb2+ 36. Ka1 Rb8 37. Re1 Qb4 38. Ra2 Rxa2+ 0-1

[Event "East Lansing (MOR/1b/13)"]
[Site "?"]
[Date "1995.??.??"]
[Round "?"]
[White "Foord, Allan"]
[Black "Smeckert, Dennis"]
[Result "1/2-1/2"]
[WhiteElo "1630"]
[BlackElo "1605"]
[PlyCount "42"]
[EventDate "1995.??.??"]

1. e4 e5 2. Nf3 Nc6 3. Bb5 Nf6 4. O-O d6 5. Re1 Be6 6. d4 exd4 7. Nxd4 Qd7 8.
Nxe6 fxe6 9. Nc3 O-O-O 10. Be3 a6 11. Bc4 d5 12. exd5 exd5 13. Be2 d4 14. Bg5
dxc3 15. Qxd7+ Rxd7 16. Bxf6 gxf6 17. Bg4 Bd6 18. bxc3 Rg8 19. Bxd7+ Kxd7 20.
Rad1 Ne5 21. Re3 Kc6 1/2-1/2

[Event "Ann Arbor (Mini-Swiss/2/3)"]
[Site "?"]
[Date "1995.??.??"]
[Round "?"]
[White "Foord, Allan"]
[Black "Santiago, Reynaldo"]
[Result "0-1"]
[WhiteElo "1615"]
[BlackElo "1965"]
[PlyCount "106"]
[EventDate "1995.??.??"]

{2/(3)} 1. e4 c5 2. Nf3 d6 3. d4 cxd4 4. Nxd4 Nf6 5. Nc3 a6 6. Bc4 e6 7. Bb3
Nc6 8. Bg5 Be7 9. O-O O-O 10. Qd3 Ne5 11. Qe2 h6 12. Bd2 Qc7 13. f4 Nc6 14. Be3
Na5 15. f5 Nxb3 16. Nxb3 b5 17. a3 Bb7 18. fxe6 fxe6 19. Nd4 Bc8 20. Rf3 Bd7
21. Rg3 Kh7 22. Qd3 e5 23. Nf5 Bxf5 24. exf5 Qc4 25. Rd1 Rad8 26. Rg6 Qxd3 27.
Rxd3 d5 28. Bb6 Rd7 29. Bf2 d4 30. Ne2 a5 31. Bg3 e4 32. Rb3 b4 33. axb4 axb4
34. Be5 d3 35. cxd3 exd3 36. Nd4 Bc5 37. Rxd3 Rfd8 38. Rgg3 Bxd4+ 39. Bxd4 Rxd4
40. Rxd4 Rxd4 41. Rf3 Ng4 42. h3 Rd1+ 43. Rf1 Rxf1+ 44. Kxf1 Ne3+ 45. Ke2 Nc4
46. b3 Na5 47. Kd3 Kg8 48. g4 Kf7 49. h4 Kf6 50. Kd4 Nxb3+ 51. Kc4 Nd2+ 52.
Kxb4 Nf3 53. h5 Kg5 0-1

[Event "Troy (TCC Res/1/13)"]
[Site "?"]
[Date "1995.??.??"]
[Round "?"]
[White "Foord, Allan"]
[Black "Poniatowski, Don"]
[Result "1-0"]
[WhiteElo "1605"]
[BlackElo "1605"]
[PlyCount "103"]
[EventDate "1995.??.??"]

{1/(13)} 1. e4 d5 2. exd5 Nf6 3. d4 Nxd5 4. c4 Nb6 5. Nf3 g6 6. Be2 Bg7 7. Be3
O-O 8. O-O e6 9. Nc3 Nc6 10. Qd2 a6 11. Rad1 Ne7 12. Bh6 Re8 13. Bxg7 Kxg7 14.
Qf4 f6 15. a4 c6 16. Rfe1 Nd7 17. Bf1 Nf8 18. Ne4 Ng8 19. h4 b6 20. Nd6 Re7 21.
Nxc8 Rxc8 22. g3 Qc7 23. Qg4 Nh6 24. Qe4 Rd8 25. d5 cxd5 26. cxd5 Qb7 27. Bc4
Rd6 28. Ng5 e5 29. Nf3 Nf7 30. Qd3 a5 31. Bb5 Rc7 32. Bc6 Qb8 33. Qb5 Nd8 34.
Rc1 Nxc6 35. Rxc6 Rdxc6 36. dxc6 Ne6 37. Rd1 Qc8 38. Qxb6 Rxc6 39. Qxa5 Rc1 40.
Qd2 Rc2 41. Qd7+ Qxd7 42. Rxd7+ Kh6 43. b4 Rc4 44. Rb7 Nd4 45. Nd2 e4 46. Nxc4
Nf3+ 47. Kf1 f5 48. a5 g5 49. hxg5+ Kxg5 50. a6 f4 51. gxf4+ Kxf4 52. Rxh7 1-0

[Event "East Lansing (Class B/5/3)"]
[Site "?"]
[Date "1995.??.??"]
[Round "?"]
[White "Foord, Allan"]
[Black "Nicolli, Randy"]
[Result "0-1"]
[WhiteElo "1665"]
[BlackElo "1745"]
[PlyCount "72"]
[EventDate "1995.??.??"]

{5/(3)} 1. e4 e5 2. Nf3 Nc6 3. Bb5 a6 4. Ba4 b5 5. Bb3 d6 6. c3 Be7 7. h3 Nf6
8. O-O Nxe4 9. Bd5 Bb7 10. Bxe4 d5 11. Bc2 e4 12. Nh2 O-O 13. d3 f5 14. dxe4
fxe4 15. Be3 Ne5 16. Bd4 Bd6 17. Qh5 g6 18. Qh6 c5 19. Bxe5 Bxe5 20. Qd2 Bf4
21. Qe2 Qg5 22. Qg4 Qe5 23. g3 Bg5 24. h4 Bh6 25. Qe2 Bc8 26. Ng4 Bxg4 27. Qxg4
Rf6 28. Qe2 e3 29. Kg2 Raf8 30. f4 Bxf4 31. Rxf4 Rxf4 32. gxf4 Rxf4 33. Kh3 Rf2
34. Qxf2 exf2 35. Na3 Qe1 36. Rxe1 fxe1=Q 0-1

[Event "East Lansing (Class B/3/5)"]
[Site "?"]
[Date "1995.??.??"]
[Round "?"]
[White "Foord, Allan"]
[Black "McCarter, Robert"]
[Result "1-0"]
[WhiteElo "1665"]
[BlackElo "1760"]
[PlyCount "163"]
[EventDate "1995.??.??"]

{3/(5)} 1. e4 c5 2. Nf3 d6 3. d4 cxd4 4. Nxd4 Nf6 5. Nc3 a6 6. Be2 e5 7. Nb3
Be6 8. Be3 Be7 9. O-O O-O 10. h3 b5 11. f3 d5 12. exd5 Nxd5 13. Nxd5 Qxd5 14.
Qe1 Qc6 15. Bd3 f5 16. Bf2 Nd7 17. Rd1 Rad8 18. Qe2 Bf6 19. c3 g6 20. Rfe1 Rfe8
21. Bc2 Bd5 22. Qd2 Nb6 23. Qe3 Nc4 24. Qc1 Bf7 25. Nc5 Rxd1 26. Rxd1 Be7 27.
Nd3 Bf8 28. b3 Na3 29. Qb2 Nxc2 30. Qxc2 e4 31. fxe4 fxe4 32. Nf4 e3 33. Be1
Bc5 34. Ne2 Bb6 35. Nd4 Qe4 36. Qxe4 Rxe4 37. Kf1 b4 38. Ne2 bxc3 39. Rd6 Re6
40. Rxe6 Bxe6 41. Nxc3 Bf5 42. Ke2 Bd4 43. Nd1 Be4 44. g3 Bg2 45. h4 Bh3 46.
Nxe3 Bd7 47. Nd5 Kg7 48. Bc3 Bxc3 49. Nxc3 Kf7 50. b4 Ke6 51. Kd3 Ke5 52. a4
Bf5+ 53. Kc4 Kd6 54. b5 axb5+ 55. axb5 Bh3 56. Ne4+ Kc7 57. Kc5 Bg2 58. b6+ Kb8
59. Nf6 h5 60. Nd7+ Kb7 61. Kd4 Bh3 62. Ne5 Kxb6 63. Nxg6 Kc6 64. Ke5 Kd7 65.
Kf6 Kd6 66. Kg5 Bg4 67. Nf4 Bd1 68. Nxh5 Ke6 69. Kg6 Bc2+ 70. Kg7 Kf5 71. Nf6
Bd1 72. h5 Kg5 73. h6 Bc2 74. g4 Bd3 75. Nd7 Bc2 76. Ne5 Be4 77. h7 Bxh7 78.
Kxh7 Kf6 79. Kh6 Kxe5 80. g5 Ke6 81. g6 Kf6 82. Kh7 1-0

[Event "East Lansing (MOR/3/38)"]
[Site "?"]
[Date "1995.??.??"]
[Round "?"]
[White "Foord, Allan"]
[Black "Martell, Raul"]
[Result "1-0"]
[WhiteElo "1630"]
[BlackElo "1605"]
[PlyCount "113"]
[EventDate "1995.??.??"]

{3/(38)} 1. e4 e6 2. d4 d5 3. Nc3 Bb4 4. e5 c5 5. a3 Qa5 6. Nge2 Nc6 7. Bd2
Bxc3 8. Bxc3 Qb6 9. f4 Nge7 10. dxc5 Qxc5 11. Qd3 Nf5 12. b4 Qb6 13. b5 Na5 14.
g4 Ne7 15. Bb4 Qc7 16. Bd6 Qc4 17. Rb1 b6 18. Bg2 Bd7 19. Rb4 Qxd3 20. cxd3 Nb7
21. Bxe7 Kxe7 22. Kd2 Rac8 23. Rc1 Rxc1 24. Kxc1 Nc5 25. Kd2 Rc8 26. Nd4 g6 27.
h4 f6 28. Bf3 fxe5 29. fxe5 Rf8 30. Ke3 h6 31. Rb2 Rc8 32. Rc2 Kd8 33. g5 h5
34. Bg2 Ke7 35. Rf2 Rf8 36. Rf6 Rxf6 37. gxf6+ Kf7 38. Nc6 Bxc6 39. bxc6 Na6
40. Bf1 Nc7 41. a4 Kg8 42. d4 Kf8 43. Bd3 Kf7 44. Kf4 a6 45. Kg5 b5 46. axb5
axb5 47. Bxg6+ Kg8 48. Bxh5 b4 49. Bd1 Kh7 50. Bc2+ Kg8 51. Kg6 Nb5 52. h5 Nc7
53. h6 b3 54. Bxb3 Ne8 55. f7+ Kf8 56. fxe8=Q+ Kxe8 57. h7 1-0

[Event "Ann Arbor (Mini-Swiss/3/3)"]
[Site "?"]
[Date "1995.??.??"]
[Round "?"]
[White "Foord, Allan"]
[Black "Koster, Ed"]
[Result "0-1"]
[WhiteElo "1615"]
[BlackElo "2100"]
[PlyCount "36"]
[EventDate "1995.??.??"]

{3/(3)} 1. e4 Nf6 2. e5 Nd5 3. d4 d6 4. c4 Nb6 5. exd6 cxd6 6. Nc3 g6 7. Be3
Bg7 8. f4 O-O 9. Nf3 Nc6 10. Be2 Bg4 11. h3 Bxf3 12. Bxf3 Nxc4 13. Bf2 Qa5 14.
Rb1 Nxb2 15. Qb3 Nd3+ 16. Kf1 Nxf2 17. Rh2 Nxd4 18. Qxb7 Qxc3 0-1

[Event "East Lansing (MOR/5/33)"]
[Site "?"]
[Date "1995.??.??"]
[Round "?"]
[White "Foord, Allan"]
[Black "Gregg, Ted"]
[Result "0-1"]
[WhiteElo "1630"]
[BlackElo "1605"]
[PlyCount "60"]
[EventDate "1995.??.??"]

{5/(33)} 1. e4 e5 2. Nf3 Nc6 3. Bb5 a6 4. Ba4 Nf6 5. O-O Be7 6. Re1 b5 7. Bb3
O-O 8. a4 Bb7 9. d3 d6 10. Nbd2 Na5 11. Ba2 c5 12. c3 Nc6 13. h3 h6 14. Nh4 Kh8
15. Nf5 Nh7 16. Nxe7 Nxe7 17. Nf3 f5 18. exf5 Nxf5 19. Bb1 Qf6 20. Bd2 Nh4 21.
Nxh4 Qxf2+ 22. Kh2 Qxh4 23. axb5 Rf2 24. Rg1 Bf3 25. Qe1 Nf6 26. Ra4 Ng4+ 27.
Rxg4 Bxg4 28. Kh1 Bxh3 29. Qxf2 Qxf2 30. gxh3 Qxd2 0-1

[Event "Troy (TCC Res/5/10)"]
[Site "?"]
[Date "1995.??.??"]
[Round "?"]
[White "Foord, Allan"]
[Black "Cutler, C."]
[Result "0-1"]
[WhiteElo "1605"]
[BlackElo "1605"]
[PlyCount "78"]
[EventDate "1995.??.??"]

{5/(10)} 1. e4 c5 2. Nf3 e6 3. d4 cxd4 4. Nxd4 Nf6 5. Nc3 Bb4 6. Bd3 Nc6 7. Be3
d6 8. O-O Bxc3 9. bxc3 O-O 10. f4 e5 11. Nxc6 bxc6 12. Rb1 Ng4 13. Bd2 Nf6 14.
c4 Nd7 15. Qe1 Qe7 16. Qg3 f6 17. h4 a5 18. h5 h6 19. f5 Kh8 20. Be3 Ba6 21.
Qe1 Qf7 22. Qe2 Rfd8 23. Rf3 Nf8 24. Rg3 Nh7 25. Rg6 Nf8 26. Bxh6 gxh6 27.
Rxh6+ Nh7 28. Rb6 Qa7 29. Qe3 c5 30. Rb3 Qf7 31. Rg6 Ra7 32. Rb6 Bxc4 33. Bxc4
Qxc4 34. Qh6 Qxe4 35. Ra6 Rb7 36. Rb6 Rdb8 37. Rxb7 Rxb7 38. Rxf6 Qe1+ 39. Kh2
Qh4+ 0-1

[Event "Ann Arbor (Mini-Swiss/2/1)"]
[Site "?"]
[Date "1995.??.??"]
[Round "?"]
[White "Flynn, J."]
[Black "Thompson, Dexter"]
[Result "0-1"]
[WhiteElo "1900"]
[BlackElo "2345"]
[PlyCount "70"]
[EventDate "1995.??.??"]

{2/(1)} 1. d4 Nf6 2. Nc3 g6 3. e4 d6 4. f4 Bg7 5. Nf3 O-O 6. Bd3 c5 7. dxc5
dxc5 8. Qe2 a6 9. Be3 Qc7 10. h3 e6 11. a4 c4 12. Bxc4 Nh5 13. Kf2 Nxf4 14. Qd2
Nh5 15. Bd3 Qg3+ 16. Kf1 Nc6 17. Bf2 Qc7 18. Ne2 e5 19. a5 Be6 20. g4 Nf4 21.
Nxf4 exf4 22. Bb6 Qd6 23. Qf2 Nb4 24. Rd1 Rac8 25. Kg2 Nxd3 26. Rxd3 Qc6 27.
Rhd1 Qxe4 28. Kh2 h6 29. Re1 Qc6 30. c3 Bc4 31. Nd4 Qd6 32. Rdd1 Rfe8 33. Ne2
Qxd1 34. Rxd1 Rxe2 35. Qxe2 Bxe2 0-1

[Event "Eastpointe (MCO/3/34)"]
[Site "?"]
[Date "1995.??.??"]
[Round "?"]
[White "Floyd, J."]
[Black "Oprean, G."]
[Result "0-1"]
[WhiteElo "1605"]
[BlackElo "1605"]
[PlyCount "72"]
[EventDate "1995.??.??"]

{3/(34)} 1. e4 c5 2. Bc4 d6 3. Nf3 Nc6 4. O-O e6 5. Nc3 Nf6 6. d3 Be7 7. Bg5 a6
8. a4 O-O 9. Re1 Qc7 10. Qd2 b6 11. b3 Bb7 12. Re2 Ne5 13. Nxe5 dxe5 14. Bxf6
Bxf6 15. Ree1 h6 16. Qd1 Bg5 17. Ne2 Bc6 18. Ng3 b5 19. axb5 axb5 20. Rxa8 Rxa8
21. Bxe6 fxe6 22. Qg4 Qf7 23. h4 Be7 24. Nh5 Be8 25. Nxg7 Qxg7 26. Qxe6+ Kh8
27. g3 Qf6 28. Qg4 Bf7 29. Re3 Be6 30. Qh5 Qg7 31. Kh2 Bg4 32. Qxg4 Qxg4 33. f3
Qg6 34. Kh3 Rg8 35. g4 Qf6 36. Re1 Qxf3+ 0-1

[Event "Eastpointe (MCO/6/34)"]
[Site "?"]
[Date "1995.??.??"]
[Round "?"]
[White "Floyd, J."]
[Black "Nikitin, Matt"]
[Result "1-0"]
[WhiteElo "1605"]
[BlackElo "1605"]
[PlyCount "111"]
[EventDate "1995.??.??"]

{6/(34)} 1. e4 e5 2. Bc4 Nf6 3. d3 Nc6 4. Nf3 d6 5. O-O Be7 6. Bg5 O-O 7. Nc3
Ng4 8. Bxe7 Qxe7 9. h3 Nh6 10. Nd5 Qe6 11. Nxc7 Qg6 12. Nxa8 Bxh3 13. Nh4 Qg5
14. Qf3 Qxh4 15. Qxh3 Qxh3 16. gxh3 Rxa8 17. Bd5 Nd4 18. Bxb7 Re8 19. f3 Re6
20. Kf2 Rf6 21. Kg2 Rg6+ 22. Kh2 Ne2 23. Rf2 Nf4 24. Bc8 Kf8 25. Bg4 Nxg4+ 26.
fxg4 Rh6 27. Rf3 Rh4 28. b4 d5 29. b5 dxe4 30. dxe4 h5 31. Kg3 Rxh3+ 32. Kf2
hxg4 33. Rxh3 gxh3 34. Kg3 g5 35. a4 g4 36. a5 Ne2+ 37. Kxg4 h2 38. a6 Ng1 39.
b6 h1=Q 40. b7 Qxe4+ 41. Kg5 Qf4+ 42. Kh5 f6 43. b8=Q+ Kf7 44. Qxa7+ Ke6 45.
Rxg1 e4 46. Qb6+ Kf5 47. Qb5+ Qe5 48. Qxe5+ fxe5 49. a7 Kf4 50. a8=Q e3 51.
Qa4+ e4 52. Rg4+ Kf3 53. Qxe4+ Kf2 54. Rf4+ Ke2 55. Qd3+ Ke1 56. Rf1# 1-0

[Event "Eastpointe (MCO/4/40)"]
[Site "?"]
[Date "1995.??.??"]
[Round "?"]
[White "Floyd, J."]
[Black "Murphy, L."]
[Result "1/2-1/2"]
[WhiteElo "1605"]
[BlackElo "1605"]
[PlyCount "94"]
[EventDate "1995.??.??"]

{4/(40)} 1. e4 e5 2. Nf3 Nc6 3. Bb5 Nf6 4. O-O Nxe4 5. Re1 d5 6. Bxc6+ bxc6 7.
Nxe5 Bc5 8. d4 Qf6 9. Be3 Bd6 10. Nxc6 Bxh2+ 11. Kxh2 Qxc6 12. Kg1 Qg6 13. Qf3
O-O 14. c3 Bg4 15. Qf4 Bh3 16. g3 Rab8 17. b3 Rbe8 18. Qxc7 Nf6 19. Qf4 Re4 20.
Qd6 Rfe8 21. Nd2 Qg4 22. f3 Qe6 23. Qxe6 R4xe6 24. g4 Rxe3 25. Kh2 Rxe1 26.
Rxe1 Rxe1 27. Kxh3 Rd1 28. g5 Nd7 29. Ne4 dxe4 30. fxe4 Rd3+ 31. Kg4 g6 32. c4
Rxd4 33. Kf4 a5 34. c5 Nxc5 35. Ke5 Rd1 36. Kf4 Ra1 37. e5 Rxa2 38. Ke3 Nxb3
39. Kd3 Nc5+ 40. Kc3 Nd7 41. Kd4 a4 42. Kd5 a3 43. Kd6 Rd2+ 44. Ke7 Nxe5 45.
Ke8 Re2 46. Ke7 a2 47. Kf6 Nf3 1/2-1/2

[Event "Detroit (CMS Jun/3/4/1)"]
[Site "?"]
[Date "1995.??.??"]
[Round "?"]
[White "Fleshman, Justin"]
[Black "Yancey, Seleana"]
[Result "1-0"]
[WhiteElo "1605"]
[BlackElo "1605"]
[PlyCount "51"]
[EventDate "1995.??.??"]

{3/4} 1. d4 d5 2. e3 c5 3. dxc5 Nc6 4. c3 Bf5 5. Bb5 e6 6. b4 a5 7. Bxc6+ bxc6
8. Nd2 Nf6 9. h3 Be7 10. Nb3 axb4 11. cxb4 O-O 12. Nd2 Rb8 13. Ba3 d4 14. e4
Bg6 15. Nb3 e5 16. Na5 Nd7 17. Nxc6 Qe8 18. Nxb8 Nxb8 19. Ne2 Qd7 20. f4 Bxe4
21. fxe5 Bxg2 22. Rg1 Bf3 23. Qxd4 Bh4+ 24. Kd2 Qf5 25. e6 Nc6 26. Qxg7# 1-0

[Event "Detroit (CMS Jun/2/4/2)"]
[Site "?"]
[Date "1995.??.??"]
[Round "?"]
[White "Fleshman, Justin"]
[Black "Jackson, M."]
[Result "1-0"]
[WhiteElo "1605"]
[BlackElo "1605"]
[PlyCount "73"]
[EventDate "1995.??.??"]

{2/4} 1. d4 d5 2. e3 Nf6 3. Bd3 Bg4 4. f3 Be6 5. Nd2 Nc6 6. c3 Qd7 7. f4 O-O-O
8. Ngf3 Bg4 9. Be2 Bf5 10. Ne5 Qd6 11. Qb3 Na5 12. Qb4 b6 13. Ba6+ Kb8 14. b3
Nc6 15. Qb5 g5 16. Nxf7 Qe6 17. Nxd8 Nxd8 18. fxg5 Ng4 19. Qe2 Be4 20. Nf3 c6
21. Bd3 Bxd3 22. Qxd3 b5 23. h3 Nxe3 24. Bxe3 h6 25. O-O-O Qd6 26. b4 a5 27.
Ne5 axb4 28. cxb4 Qxb4 29. Bf4 Ka7 30. Bd2 Qa4 31. Qb3 Qxb3 32. axb3 Bg7 33.
gxh6 Bxh6 34. Rhf1 Nb7 35. Nxc6+ Kb6 36. Nxe7 Bxd2+ 37. Rxd2 {[Remainder
illegiblr; 1-0, 63?]} 1-0

[Event "Detroit (MI Action/6/12)"]
[Site "?"]
[Date "1995.??.??"]
[Round "?"]
[White "Fleshman, Justin"]
[Black "Jackson, K."]
[Result "1-0"]
[WhiteElo "1605"]
[BlackElo "1605"]
[PlyCount "37"]
[EventDate "1995.??.??"]

{6/(12)} 1. d4 e6 2. e3 d5 3. Bd3 c5 4. c3 c4 5. Bc2 Nc6 6. f4 Bd6 7. Nf3 f6 8.
O-O Nge7 9. e4 O-O 10. e5 fxe5 11. fxe5 Bc7 12. Ng5 Ng6 13. Qh5 Rxf1+ 14. Kxf1
Kf8 15. Nxh7+ Ke8 16. Qxg6+ Kd7 17. Qxg7+ Ne7 18. Ba4+ b5 19. Bxb5# 1-0

[Event "Detroit (MI Action/3/13)"]
[Site "?"]
[Date "1995.??.??"]
[Round "?"]
[White "Fleshman, Justin"]
[Black "Gentry, Bronson"]
[Result "1/2-1/2"]
[WhiteElo "1605"]
[BlackElo "1605"]
[PlyCount "63"]
[EventDate "1995.??.??"]

{3/(13)} 1. d4 c5 2. dxc5 e6 3. Be3 Na6 4. b4 Nxb4 5. c3 Na6 6. Qd4 Qa5 7. Qc4
Nxc5 8. Bxc5 Bxc5 9. Nd2 Qb6 10. e3 Nf6 11. Rb1 Qc6 12. Ngf3 b6 13. Be2 a5 14.
Qb3 Bb7 15. Nc4 Nd5 16. g3 Nxc3 17. Qxc3 Bb4 18. Rxb4 axb4 19. Qxb4 Rxa2 20.
Nxb6 Ra1+ 21. Bd1 Rxd1+ 22. Kxd1 Qxf3+ 23. Kd2 Qxh1 24. Qd6 Qc6 25. Qb8+ Bc8
26. Nxc8 Qd5+ 27. Ke2 Qc4+ 28. Kf3 Qd5+ 29. Ke2 Qc4+ 30. Kf3 Qd5+ 31. Ke2 Qc4+
32. Kf3 1/2-1/2

[Event "Detroit (MI Action/1/12)"]
[Site "?"]
[Date "1995.??.??"]
[Round "?"]
[White "Fleshman, Justin"]
[Black "Choyke, J."]
[Result "0-1"]
[WhiteElo "1605"]
[BlackElo "1635"]
[PlyCount "46"]
[EventDate "1995.??.??"]

{1/(12)} 1. d4 Nf6 2. e3 g6 3. Bd3 Bg7 4. Nd2 O-O 5. f4 d6 6. Ngf3 Nc6 7. c3
Ng4 8. Qe2 e5 9. h3 Nh6 10. O-O exf4 11. exf4 Re8 12. Qf2 Bf5 13. Bxf5 Nxf5 14.
Re1 Qd7 15. Nb3 Rxe1+ 16. Qxe1 Re8 17. Qf2 Re7 18. Bd2 Qe8 19. Re1 Rxe1+ 20.
Nxe1 Qe6 21. Nf3 h6 22. Nc1 Qe8 23. Be1 Nfxd4 0-1

[Event "East Lansing (MI Op/4/9)"]
[Site "?"]
[Date "1995.??.??"]
[Round "?"]
[White "Fischvogt, Eric"]
[Black "Vandivier, Don"]
[Result "1/2-1/2"]
[WhiteElo "2220"]
[BlackElo "1940"]
[PlyCount "81"]
[EventDate "1995.??.??"]

{4/(9)} 1. d4 Nf6 2. Nf3 g6 3. c4 Bg7 4. Nc3 d5 5. Bf4 c6 6. cxd5 Nxd5 7. Bg3
Nxc3 8. bxc3 c5 9. e3 Qa5 10. Qd2 Nc6 11. Rc1 cxd4 12. cxd4 Qxd2+ 13. Nxd2 O-O
14. Be2 e5 15. d5 Nb4 16. Bc4 b5 17. Bxb5 Nxa2 18. Rc7 a5 19. O-O Ba6 20. Bxa6
Rxa6 21. Nc4 Nc3 22. d6 Nb5 23. Rc5 Nxd6 24. Nxd6 Rxd6 25. Rxa5 Re8 26. h4 h5
27. Rfa1 Rd7 28. Ra8 Kf8 29. Rxe8+ Kxe8 30. Ra8+ Ke7 31. e4 Ke6 32. Rg8 Bf6 33.
Kh2 Rd8 34. Rxd8 Bxd8 35. f3 f5 36. Be1 Bb6 37. g3 Bd4 38. Kg2 Be3 39. Kf1 Bb6
40. Bd2 Bc5 41. Ke2 1/2-1/2

[Event "East Lansing (MI Op/2/18)"]
[Site "?"]
[Date "1995.??.??"]
[Round "?"]
[White "Fischvogt, Eric"]
[Black "Smith, Mike A"]
[Result "1/2-1/2"]
[WhiteElo "2220"]
[BlackElo "1885"]
[PlyCount "62"]
[EventDate "1995.??.??"]

{2/(18)} 1. d4 Nf6 2. Nf3 c5 3. e3 cxd4 4. exd4 d5 5. c4 e6 6. Nc3 dxc4 7. Bxc4
Be7 8. O-O O-O 9. Qe2 b6 10. Bg5 Bb7 11. Rfd1 Nbd7 12. Ne5 Rc8 13. Rac1 Nd5 14.
Bxd5 Bxd5 15. Nxd5 Bxg5 16. Rxc8 Qxc8 17. Nf3 Bf6 18. Nf4 Qc7 19. g3 Rc8 20. d5
exd5 21. Nxd5 Qc6 22. Nxf6+ Nxf6 23. Ne5 Qe6 24. Qa6 h6 25. Qb7 Re8 26. Nd7
Nxd7 27. Qxd7 Qxd7 28. Rxd7 Re2 29. Rxa7 Rxb2 30. a4 g6 31. h4 h5 1/2-1/2

[Event "East Lansing (MI Op/7/6)"]
[Site "?"]
[Date "1995.??.??"]
[Round "?"]
[White "Fischvogt, Eric"]
[Black "Fuller, William"]
[Result "1-0"]
[WhiteElo "2220"]
[BlackElo "2075"]
[PlyCount "161"]
[EventDate "1995.??.??"]

{7/(6)} 1. d4 d6 2. Nf3 Bg4 3. e4 Nd7 4. Be3 c6 5. Nc3 e5 6. dxe5 dxe5 7. h3
Bh5 8. a3 Qc7 9. Be2 Rd8 10. O-O Ngf6 11. Nd2 Bg6 12. Bf3 Bc5 13. Qe2 O-O 14.
Rfd1 Bxe3 15. Qxe3 b6 16. Nb3 Rfe8 17. Rd2 Nf8 18. Rad1 Ne6 19. g3 Rxd2 20.
Rxd2 Rd8 21. Bg2 Rd7 22. Rxd7 Nxd7 23. h4 Ndc5 24. Nxc5 Nxc5 25. Bh3 Qd6 26. b4
Nb7 27. Bc8 Nd8 28. Qd3 Qxd3 29. cxd3 Kf8 30. f4 f6 31. Kf2 Ke7 32. Ke3 Kd6 33.
d4 Bf7 34. Nd1 exd4+ 35. Kxd4 c5+ 36. bxc5+ bxc5+ 37. Kd3 Nc6 38. Ne3 g6 39.
Ng4 Be6 40. Bxe6 Kxe6 41. Kc4 Nd4 42. Ne3 Ne2 43. Nf1 Kd6 44. a4 a6 45. a5 Nd4
46. Nd2 Nc2 47. e5+ fxe5 48. Ne4+ Kc6 49. fxe5 Ne3+ 50. Kd3 Ng4 51. e6 Ne5+ 52.
Kc3 Ng4 53. e7 Kd7 54. Nxc5+ Kxe7 55. Nxa6 Kd6 56. Kd4 h6 57. Nb4 g5 58. a6 Kc7
59. Nd5+ Kc6 60. h5 Nh2 61. Ke4 Nf1 62. g4 Nd2+ 63. Kf5 Nf3 64. Kf6 Nd4 65. Kg6
Nb5 66. Nf6 Kd6 67. Kxh6 Ke6 68. Kxg5 Kf7 69. h6 Na7 70. Nd7 Nc6 71. Nb8 Na7
72. Kf5 Nc8 73. g5 Kg8 74. Nc6 Kh7 75. a7 Nb6 76. Nb8 Na8 77. Nd7 Kh8 78. g6
Nc7 79. Nf6 Ne8 80. Nxe8 Kg8 81. Nf6+ 1-0

[Event "Detroit (MI Team/4/2/2)"]
[Site "?"]
[Date "1995.??.??"]
[Round "?"]
[White "Finegold, Ron"]
[Black "Zaremba, Andrei"]
[Result "1-0"]
[WhiteElo "2230"]
[BlackElo "2085"]
[PlyCount "121"]
[EventDate "1995.??.??"]

{4/2} 1. Nf3 d5 2. c4 d4 3. b4 c5 4. Bb2 Qc7 5. bxc5 e5 6. e3 Bxc5 7. exd4 exd4
8. Bxd4 Bxd4 9. Nxd4 Ne7 10. Nf3 O-O 11. Be2 b6 12. O-O Bb7 13. d4 Nd7 14. Nbd2
Nf6 15. Qa4 Ng6 16. Rfe1 Nf4 17. Bf1 Kh8 18. d5 Rac8 19. Ne4 Nxe4 20. Rxe4 f5
21. Ree1 Qf7 22. Kh1 Ba8 23. Ng5 Qf6 24. Nf3 Rc7 25. Rad1 Qd6 26. Re8 Rcf7 27.
Ng5 Rf6 28. Rxf8+ Rxf8 29. Re1 h6 30. Ne6 Nxe6 31. Rxe6 Qc5 32. Re8 Rxe8 33.
Qxe8+ Kh7 34. Kg1 Bb7 35. Qf7 Qc8 36. Bd3 Kh8 37. Qxf5 Qxf5 38. Bxf5 Kg8 39. f4
Kf8 40. Kf2 Ke7 41. Ke3 Kd6 42. Kd4 b5 43. c5+ Kc7 44. Be4 Bc8 45. d6+ Kd8 46.
c6 Bg4 47. Kc5 a6 48. Kb6 b4 49. c7+ Kd7 50. Bc6+ Kxd6 51. Bb7 a5 52. c8=Q Bxc8
53. Bxc8 a4 54. Bf5 g5 55. fxg5 hxg5 56. Kb5 b3 57. a3 Ke5 58. Bh7 Kd4 59. Kb4
g4 60. h4 gxh3 61. gxh3 1-0

[Event "East Lansing (MI Op/4/8)"]
[Site "?"]
[Date "1995.??.??"]
[Round "?"]
[White "Finegold, Ron"]
[Black "Williams, Ken"]
[Result "1-0"]
[WhiteElo "2230"]
[BlackElo "1945"]
[PlyCount "47"]
[EventDate "1995.??.??"]

{4/(8)} 1. Nf3 Nf6 2. b3 g6 3. Bb2 Bg7 4. g3 O-O 5. Bg2 d6 6. O-O Nbd7 7. c4 e5
8. Nc3 Re8 9. Qc2 Nh5 10. e4 Nb8 11. Nh4 Bf6 12. Nf3 Bg4 13. h3 Bxf3 14. Bxf3
Ng7 15. Bg2 Ne6 16. f4 Nd4 17. Qd1 exf4 18. gxf4 Nbc6 19. Kh1 Bg7 20. f5 Be5
21. Nd5 Ne7 22. fxg6 Nxg6 23. Ne3 Qh4 24. Bxd4 1-0

[Event "Flint (MI Senior/4/1)"]
[Site "?"]
[Date "1995.??.??"]
[Round "?"]
[White "Finegold, Ron"]
[Black "Thurman, John"]
[Result "1-0"]
[WhiteElo "2230"]
[BlackElo "1750"]
[PlyCount "45"]
[EventDate "1995.??.??"]

{4/(1)} 1. Nf3 Nf6 2. c4 e6 3. g3 d5 4. Bg2 c5 5. cxd5 exd5 6. O-O Nc6 7. d4
cxd4 8. Nxd4 Be7 9. Nc3 Be6 10. Nxc6 bxc6 11. Qa4 Bd7 12. e4 c5 13. Qc2 Bc6 14.
exd5 Bb7 15. d6 Bxg2 16. dxe7 Qxe7 17. Kxg2 Qb7+ 18. f3 O-O 19. Rd1 Rfe8 20.
Qb3 Qc6 21. Qc4 a5 22. Bg5 Ng4 23. Qxg4 1-0

[Event "Flint (MI Senior/2/1)"]
[Site "?"]
[Date "1995.??.??"]
[Round "?"]
[White "Finegold, Ron"]
[Black "Pulsipher, D."]
[Result "1-0"]
[WhiteElo "2230"]
[BlackElo "1770"]
[PlyCount "75"]
[EventDate "1995.??.??"]

{2/(1)} 1. Nf3 Nf6 2. c4 c5 3. Nc3 Nc6 4. e4 e5 5. g3 g6 6. Bg2 Bg7 7. O-O O-O
8. d3 d6 9. Nh4 Bg4 10. f3 Bd7 11. f4 exf4 12. Bxf4 Ne5 13. Qd2 Nh5 14. Bg5 Qc8
15. Be7 Re8 16. Bxd6 Qc6 17. Bxe5 Bxe5 18. Nd5 Be6 19. Nf3 Bg7 20. Rab1 Qd6 21.
b4 Rab8 22. Kh1 b6 23. bxc5 bxc5 24. Qa5 a6 25. Qc7 Qxc7 26. Nxc7 Rec8 27. Nxe6
fxe6 28. Bh3 Re8 29. Bxe6+ Kh8 30. Bd5 h6 31. Bf7 Rf8 32. Rxb8 Rxb8 33. Bxg6
Nf6 34. e5 Nd7 35. Re1 Kg8 36. e6 Nf6 37. Bf7+ Kf8 38. Ne5 1-0

[Event "East Lansing (MI Op/6/4)"]
[Site "?"]
[Date "1995.??.??"]
[Round "?"]
[White "Finegold, Ron"]
[Black "LaMar, Frank"]
[Result "0-1"]
[WhiteElo "2230"]
[BlackElo "2170"]
[PlyCount "120"]
[EventDate "1995.??.??"]

{6/(4)} 1. Nf3 Nc6 2. b3 e5 3. Bb2 e4 4. Nd4 Nxd4 5. Bxd4 c5 6. Bb2 d5 7. d3
exd3 8. Qxd3 Nf6 9. e3 Be7 10. c4 O-O 11. Nd2 g6 12. cxd5 Nxd5 13. O-O-O Be6
14. Kb1 Bf6 15. Bxf6 Nxf6 16. Qxd8 Rfxd8 17. Be2 a6 18. Bf3 Bg4 19. Kb2 Bxf3
20. gxf3 b5 21. Ne4 Nxe4 22. fxe4 Kf8 23. Rc1 Rd2+ 24. Rc2 Rad8 25. Kc1 Rxc2+
26. Kxc2 Ke7 27. h4 c4 28. bxc4 Rc8 29. Kb3 Rxc4 30. f3 a5 31. a3 Ke6 32. h5 g5
33. Rg1 h6 34. Rg2 Rc1 35. Rd2 Rf1 36. Rd5 Rxf3 37. Rxb5 Rxe3+ 38. Ka4 Rxe4+
39. Kb3 a4+ 40. Kc3 Re3+ 41. Kd4 Rxa3 42. Rb6+ Kf5 43. Rxh6 Rh3 44. Rh7 f6 45.
Kd5 a3 46. Kd6 a2 47. Ra7 Rxh5 48. Rxa2 Rh4 49. Ra5+ Kg6 50. Kd5 Rf4 51. Ra8
Rf1 52. Ke4 f5+ 53. Ke3 g4 54. Ke2 Rf3 55. Rh8 Kg5 56. Rh7 Kf4 57. Rh1 Kg3 58.
Rg1+ Kh2 59. Ra1 f4 60. Ra8 Kg2 0-1